Practical meta-analysis

Αποθηκεύτηκε σε:
Λεπτομέρειες βιβλιογραφικής εγγραφής
Κύριος συγγραφέας: Lipsey, Mark W.
Άλλοι συγγραφείς: Wilson, David B. 1961-
Μορφή: Βιβλίο
Γλώσσα:English
Δημοσίευση: Thousand Oaks, Calif. : Sage Publications, c2001
Σειρά:Applied social research methods series ; ; 49
Θέματα:
Ετικέτες: Προσθήκη ετικέτας
Δεν υπάρχουν, Καταχωρήστε ετικέτα πρώτοι!

MARC

LEADER 00000nam a2200000 i 4500
001 1/47009
008 070628s2001 eng d
020 |a 978-0-7619-2168-4 (pbk.) 
020 |a 0-7619-2168-0 (pbk.) 
035 |l 10088527 
040 |a GR-MY-UA  |b gre  |e aacr 
041 0 |a eng 
082 0 |a 300.727  |2 (22) 
100 1 |a Lipsey, Mark W. 
245 1 0 |a Practical meta-analysis /  |c Mark W. Lipsey, David B. Wilson 
260 |a Thousand Oaks, Calif. :   |b Sage Publications,   |c c2001 
300 |a ix, 247 σ.;  |b εικ.;  |c 23 εκ. 
490 1 |a Applied social research methods series  |v ; 49 
504 |a Περιέχει βιβλιογραφία (σ. 233-240) και ευρετήριο 
650 0 0 |a Meta-analysis. 
650 0 0 |a Social sciences  |x Statistical methods. 
700 1 |a Wilson, David B.  |d 1961- 
830 0 |a Applied social research methods series ;  |v ; 49 
852 |a INST  |b LESVOS  |e 20070628  |h 300.727 LIP  |p 005100037992  |q 005100037992  |t BK  |y 0 
901 |a BIBL1-2007-2 
909 |a Λ  |b 135396 
922 |a 1ΕΛΗ  |b 200706  |c ΕΠΕΑΕΚ2/ΤΓ  |d ΠΑΠΑΣΩΤΗΡΙΟΥ 
970 |a ΚΑΡΑ  |b ΓΙΑΣΕΜΗ  |z 2007/06/28